00290nam a2200121Ia 4500008004100000100000900041245003900050260003700089300000800126650001000134942000700144999001700151190216s9999||||xx |||||||||||||| ||und|| aNull 0aHindi-Dooradarshan Dasha Aur Disha bNew Age International Publishers a183 aHindi cBK c15909d15909